Textbook of Communicative English for Undergraduate and Diploma Nursing Students (Record no. 359362)

MARC details
000 -LEADER
fixed length control field 00545nam a22001817a 4500
005 - DATE AND TIME OF LATEST TRANSACTION
control field 20241111124151.0
008 - FIXED-LENGTH DATA ELEMENTS--GENERAL INFORMATION
fixed length control field 240808b |||||||| |||| 00| 0 eng d
020 ## - INTERNATIONAL STANDARD BOOK NUMBER
International Standard Book Number 978-81-947276-2-0
041 ## - LANGUAGE CODE
Language code of text/sound track or separate title English
082 ## - DEWEY DECIMAL CLASSIFICATION NUMBER
Classification number E 420 SHA DB1282
100 ## - MAIN ENTRY--PERSONAL NAME
Author Sharma Shivani
110 ## - MAIN ENTRY--CORPORATE NAME
Corporate name or jurisdiction name as entry element Sood Sarika
245 ## - TITLE STATEMENT
Title Textbook of Communicative English for Undergraduate and Diploma Nursing Students
260 ## - PUBLICATION, DISTRIBUTION, ETC.
Place of publication, distribution, etc. Mohali, Punjab
Name of publisher, distributor, etc. Vision Health Sciences Publishers
Date of publication, distribution, etc. 2024
300 ## - PHYSICAL DESCRIPTION
Extent 207p
365 ## - TRADE PRICE
Price amount 425.00
Currency code Rs
Price type code Rs
942 ## - ADDED ENTRY ELEMENTS (KOHA)
Koha item type Donated Book
Holdings
Withdrawn status Lost status Source of classification or shelving scheme Damaged status Not for loan Home library Current library Date acquired Net Price Bill number Total Checkouts Full call number Barcode Date last seen Date last checked out Bill Date Koha item type Original Barcode Vendor Total Renewals Actual Price
    Dewey Decimal Classification     Sitabai Nargundkar College of Nursing Nagpur Sitabai Nargundkar College of Nursing Nagpur 21/10/2024 425.00 IK #2024-25#00215 1 E 420 SHA DB1282 SNCN-DB-221 28/11/2025 06/11/2025 21/10/2024 Donated Book   Rupali Nandeshwar gautam 1 425.00
    Dewey Decimal Classification     Smt. Bakul Tambat Institute of Nursing Education Smt. Bakul Tambat Institute of Nursing Education 08/08/2024 425.00 IK#2024-25#129 1 E 420 SHA DB1282 BTIN-DB-1282 12/02/2026 04/02/2026 08/08/2024 Donated Book DB1282